Letters to clients (Record no. 80498)
[ view plain ]
| 000 -LEADER | |
|---|---|
| fixed length control field | 00689nam a2200169 a 4500 |
| 008 - FIXED-LENGTH DATA ELEMENTS--GENERAL INFORMATION | |
| fixed length control field | 120416s0000 ||||||||||||||||| || u |
| 020 ## - INTERNATIONAL STANDARD BOOK NUMBER | |
| International Standard Book Number | 0851393535 |
| 050 ## - LIBRARY OF CONGRESS CALL NUMBER | |
| Classification number | NA 1995 Wri |
| 100 ## - MAIN ENTRY--PERSONAL NAME | |
| Personal name | Wright, Frank Lloyd |
| 245 10 - TITLE STATEMENT | |
| Title | Letters to clients |
| 260 ## - PUBLICATION, DISTRIBUTION, ETC. | |
| Place of publication, distribution, etc. | London |
| Name of publisher, distributor, etc. | The Architectural Press |
| Date of publication, distribution, etc. | 1987 |
| 300 ## - PHYSICAL DESCRIPTION | |
| Extent | xii, 320p. : ill. |
| 350 ## - | |
| -- | 0.00 |
| 700 ## - ADDED ENTRY--PERSONAL NAME | |
| Personal name | Pfeiffer, Bruce Brooks |
| 995 ## - | |
| -- | BINDERY (DAMAGED) |
| -- | 0.00 |
| -- | 725959 |
| -- | CBU-MAIN LIBRARY (Kitwe) |
| -- | 2 |
| -- | 25.00 |
| -- | NA 1995 Wri |
| -- | 2 |
| -- | DAMAGED |
| -- | 10150 |
| -- | Main Library Open Access Collection |
| 995 ## - | |
| -- | BINDERY (DAMAGED) |
| -- | 0.00 |
| -- | 725960 |
| -- | CBU-MAIN LIBRARY (Kitwe) |
| -- | 1 |
| -- | 25.00 |
| -- | NA 1995 Wri |
| -- | 1 |
| -- | DAMAGED |
| -- | 010151 |
| -- | Main Library Open Access Collection |
| 999 ## - | |
| -- | 80498 |
| -- | 80498 |
| Withdrawn status | Lost status | Source of classification or shelving scheme | Damaged status | Not for loan | Permanent Location | Current Location | Shelving location | Date acquired | Total Checkouts | Full call number | Barcode | Date last seen | Copy number | Price effective from | Koha item type |
|---|---|---|---|---|---|---|---|---|---|---|---|---|---|---|---|
| CBU-MAIN LIBRARY, KITWE. | CBU-MAIN LIBRARY, KITWE. | 06/30/2023 | NA 1995 Wri | 10150 | 06/30/2023 | 1 | 06/30/2023 | MONOGRAPH | |||||||
| CBU-MAIN LIBRARY, KITWE. | CBU-MAIN LIBRARY, KITWE. | 06/30/2023 | NA 1995 Wri | 010151 | 06/30/2023 | 2 | 06/30/2023 | MONOGRAPH |